Top 5 Most Famous by First Name: C - Statistics

General Stats
  • This quiz has been taken 19 times
  • The average score is 5 of 50
Answer Stats
First Name Last Name Hint Lifespan % Correct
Charlie Sheen Actor 1965-
89%
Charlie Chaplin Actor / Filmmaker / Composer 1889-1977
61%
Cameron Diaz Actress / Author / Producer / Model 1972-
50%
Conor McGregor Mixed Martial Artist / Boxer 1988-
50%
Charlotte Brontë Novelist / Poet 1816-1855
44%
Charlie Puth Singer / Songwriter / Record Producer 1991-
33%
Cara Delevingne Model / Actress / Singer 1992-
28%
Cameron Boyce Actor 1999-2019
22%
Connie Francis Singer / Actress 1937-
22%
Charlie Parker Saxophonist / Composer 1920-1955
22%
Charlie Day Actor / Screenwriter / Producer / Comedian / Director 1976-
17%
Cameron Crowe Director / Producer / Screenwriter / Journalist / Author / Actor 1957-
11%
Conor Maynard Singer / Songwriter / Actor / YouTuber 1992-
11%
Chloe Sevigny Actress / Model / Filmmaker / Fashion Designer 1974-
11%
Connie Stevens Actress / Director / Screenwriter / Producer / Cinematographer / Editor / Singer 1938-
11%
Connie Chung Journalist 1946-
6%
Caitlin Foord Footballer 1994-
6%
Cameron Jordan Defensive End 1989-
6%
Conor Lamb Congressman 1984-
6%
Connor McDavid Hockey Player 1997-
6%
Caleb McLaughlin Actor 2001-
6%
Caleb Swanigan Basketball Player 1997-
6%
Chloe Bennet Actress / Singer 1992-
0%
Connie Britton Actress / Singer / Producer 1967-
0%
Cara Buono Actress 1974-
0%
Caleb Carr Military Historian / Author 1955-
0%
Conor Daly Racing Driver 1991-
0%
Caleb Deschanel Cinematographer / Director 1944-
0%
Caitlin Doughty Mortician / Author / Blogger / YouTuber 1984-
0%
Caleb Ekuban Footballer 1994-
0%
Charlotte Flair Wrestler / Author / Actress 1986-
0%
Charlotte Gainsbourg Actress / Singer-Songwriter 1971-
0%
Caitlin Glass Voice Actress / ADR Director / Script Writer 1981-
0%
Chloe Grace Mortez Actress 1997-
0%
Connor Jessup Actor / Writer / Director 1994-
0%
Chloe Lukasiak Actress / Dancer / Author / Model / Producer / TV Personality 2001-
0%
Conor Oberst Singer-Songwriter 1980-
0%
Connor Paolo Actor 1990-
0%
Charlotte Perkins Gilman Humanist / Novelist / Author / Poet / Lecturer 1860-1935
0%
Charlotte Riley Actress 1981-
0%
Caitlin R. Kiernan Paleontologist / Author 1964-
0%
Cara Spencer Politician 1978-
0%
Caitlin Stasey Actress 1990-
0%
Connor Swindells Actor / Model 1996-
0%
Cara Theobold Actress 1990-
0%
Cameron Todd Willingham Murderer 1968-2004
0%
Connor Wickham Footballer 1993-
0%
Cara Williams Actress 1925-
0%
Connie Willis Author 1945-
0%
Chloe Zhao Filmmaker 1982-
0%
No matching quizzes found
Score Distribution
Percent of People with Each Score
Percentile by Number Answered
Your Score History
You have not taken this quiz